[Event "Kastoria op 1st"]
[Site "Kastoria"]
[Date "1996.07.22"]
[Round "6.7"]
[White "Graf, Rena"]
[Black "Georgiakakis, Ioannis"]
[Result "0-1"]
[WhiteElo "2230"]
[BlackElo "2155"]
[PlyCount "84"]
[EventDate "1996.07.17"]
[EventType "swiss"]
[EventRounds "9"]
[EventCountry "GRE"]
[SourceTitle "EXT 2024"]
[Source "ChessBase"]
[SourceDate "2023.10.10"]
[SourceVersion "1"]
[SourceVersionDate "2023.10.10"]
[SourceQuality "1"]

1. d4 d5 2. c4 e6 3. Nc3 f5 4. Bf4 c6 5. e3 Nf6 6. Bd3 Bb4 7. Nge2 0-0 8. Qc2 Ne4 9. f3 Nd6 10. b3 b5 11. cxb5 Nxb5 12. 0-0 Na3 13. Qd1 c5 14. Rc1 c4 15. bxc4 dxc4 16. Bb1 Nd7 17. Qa4 a5 18. e4 Nb6 19. Qc6 Rf7 20. Na4 Bd7 21. Qxb6 Bxa4 22. Qxe6 Nxb1 23. Rxb1 Bc2 24. Rbc1 Bd3 25. Rf2 fxe4 26. fxe4 Raa7 27. Be5 Rae7 28. Qg4 Bd2 29. Rxf7 Rxf7 30. Rd1 Be3+ 31. Kh1 Qf8 32. h3 h5 33. Qe6 Bxe2 34. Re1 Kh7 35. Rxe2 Rf1+ 36. Kh2 Bg1+ 37. Kg3 Bxd4 38. Kh4 Qd8+ 39. Kxh5 Bxe5 40. g4 Qf6 41. Qxf6 Bxf6 42. g5 g6+ 0-1

[Event "Kastoria op 1st"]
[Site "Kastoria"]
[Date "1996.07.21"]
[Round "5.11"]
[White "Georgiakakis, Ioannis"]
[Black "Frosinos, Ioannis"]
[Result "1-0"]
[WhiteElo "2155"]
[BlackElo "1810"]
[PlyCount "51"]
[EventDate "1996.07.17"]
[EventType "swiss"]
[EventRounds "9"]
[EventCountry "GRE"]
[SourceTitle "EXT 2024"]
[Source "ChessBase"]
[SourceDate "2023.10.10"]
[SourceVersion "1"]
[SourceVersionDate "2023.10.10"]
[SourceQuality "1"]

1. d4 f5 2. Nf3 Nf6 3. g3 g6 4. Bg2 Bg7 5. 0-0 0-0 6. c4 d6 7. Nc3 Qe8 8. e4 fxe4 9. Ng5 c6 10. Ngxe4 Nxe4 11. Nxe4 e5 12. Nxd6 Qe6 13. Nxc8 exd4 14. Qb3 Qxc8 15. c5+ Kh8 16. Bf4 Na6 17. Bd6 Rd8 18. Rfe1 b6 19. Re7 Nxc5 20. Qf7 Rg8 21. Bxc6 Qxc6 22. Be5 Ne6 23. Rxe6 Qc8 24. Re7 Qf8 25. Qxf8 Raxf8 26. Rxg7 1-0

[Event "Kastoria op 1st"]
[Site "Kastoria"]
[Date "1996.07.20"]
[Round "4.5"]
[White "Skembris, Spyridon"]
[Black "Georgiakakis, Ioannis"]
[Result "1-0"]
[WhiteElo "2420"]
[BlackElo "2155"]
[PlyCount "69"]
[EventDate "1996.07.17"]
[EventType "swiss"]
[EventRounds "9"]
[EventCountry "GRE"]
[SourceTitle "EXT 2024"]
[Source "ChessBase"]
[SourceDate "2023.10.10"]
[SourceVersion "1"]
[SourceVersionDate "2023.10.10"]
[SourceQuality "1"]

1. d4 d5 2. c4 e6 3. Nf3 f5 4. g3 Nf6 5. Bg2 Be7 6. 0-0 0-0 7. b3 Nbd7 8. Ng5 Nb8 9. Ba3 Nc6 10. Bxe7 Qxe7 11. cxd5 Nxd5 12. Nf3 Rd8 13. Qc1 Qf6 14. Nc3 Nce7 15. Nxd5 Nxd5 16. Ne5 c6 17. Qb2 Bd7 18. b4 Be8 19. a4 a6 20. e3 g5 21. e4 Ne7 22. f4 gxf4 23. Rxf4 Ng6 24. Rf2 Nxe5 25. dxe5 Qg5 26. Qb3 Bf7 27. exf5 Rd5 28. Bxd5 cxd5 29. Raf1 Rc8 30. b5 axb5 31. axb5 Qg7 32. fxe6 Bxe6 33. Qa3 Bh3 34. Qd6 Bxf1 35. Qe6+ 1-0

[Event "Chania schev"]
[Site "Chania"]
[Date "1992.??.??"]
[Round "?"]
[White "Amendola, Konstantinos"]
[Black "Georgiakakis, Ioannis"]
[Result "1-0"]
[WhiteElo "2250"]
[BlackElo "2220"]
[PlyCount "105"]
[EventDate "1992.??.??"]
[EventType "schev"]
[EventRounds "12"]
[EventCountry "GRE"]
[SourceTitle "EXT 2003"]
[Source "ChessBase"]
[SourceDate "2002.11.25"]
[SourceVersion "1"]
[SourceVersionDate "2002.11.25"]
[SourceQuality "1"]

1. e4 c6 2. Nc3 d5 3. Nf3 e6 4. d4 Nf6 5. Bd3 Bb4 6. e5 Ne4 7. 0-0 Nxc3 8. bxc3 Be7 9. c4 b6 10. cxd5 cxd5 11. Qe2 Nc6 12. c3 Bd7 13. c4 Nb4 14. cxd5 Nxd3 15. Qxd3 exd5 16. Be3 0-0 17. Rfc1 Bg4 18. Nd2 Qd7 19. a4 Rfc8 20. h3 Bf5 21. Qb3 h5 22. Nf3 Qe6 23. Kh2 Rc4 24. Nd2 Rb4 25. Qd1 Qg6 26. Qf3 Be6 27. a5 bxa5 28. Rxa5 Bd8 29. Ra3 a5 30. Rc6 Rab8 31. Ra6 Bb6 32. R3xa5 Bxa5 33. Rxa5 R4b5 34. Ra6 Rb2 35. Qg3 Qd3 36. Rxe6 fxe6 37. Nf3 Rb1 38. Qg5 Qf5 39. Qxf5 exf5 40. Kg3 R1b3 41. Kf4 g6 42. e6 Kg7 43. Ke5 Rxe3+ 44. fxe3 Rb3 45. Kd6 Kf6 46. Ne5 Rb6+ 47. Nc6 Rb3 48. e7 Kf7 49. Kd7 Rb7+ 50. Kd8 Rxe7 51. Nxe7 g5 52. Kd7 h4 53. Nxd5 1-0

[Event "Chania schev"]
[Site "Chania"]
[Date "1992.??.??"]
[Round "?"]
[White "Georgiakakis, Ioannis"]
[Black "Amendola, Konstantinos"]
[Result "1/2-1/2"]
[WhiteElo "2220"]
[BlackElo "2250"]
[PlyCount "101"]
[EventDate "1992.??.??"]
[EventType "schev"]
[EventRounds "12"]
[EventCountry "GRE"]
[SourceTitle "EXT 2003"]
[Source "ChessBase"]
[SourceDate "2002.11.25"]
[SourceVersion "1"]
[SourceVersionDate "2002.11.25"]
[SourceQuality "1"]

1. d4 Nf6 2. Nf3 g6 3. e3 Bg7 4. c4 0-0 5. Nc3 d6 6. Be2 Nbd7 7. 0-0 Re8 8. b4 e5 9. a4 a5 10. b5 e4 11. Nd2 Nf8 12. Qc2 Bf5 13. Ba3 h5 14. Qa2 N8h7 15. Rfd1 Bh6 16. Nd5 Nxd5 17. cxd5 b6 18. Rac1 Nf6 19. Rc3 Bg4 20. Bxg4 hxg4 21. Rdc1 Ra7 22. Rc6 Kg7 23. Qc2 Re7 24. Nc4 Ne8 25. Bb2 Kg8 26. Nd2 f5 27. Nf1 Rh7 28. Qe2 Nf6 29. f4 Qe8 30. Qc4 Qf7 31. Ba3 Bf8 32. g3 Nxd5 33. Rd1 Ra8 34. Rc1 Rd8 35. Rc2 Rd7 36. Kf2 Kh8 37. Ke1 Be7 38. Bb2 g5 39. Qb3 Bf6 40. Qc4 Nb4 41. fxg5 Nxc2+ 42. Qxc2 Bxg5 43. d5+ Bf6 44. Bxf6+ Qxf6 45. Qc3 Qxc3+ 46. Rxc3 Kg7 47. Rc4 Kf6 48. Rd4 Rh5 49. Kf2 Rdh7 50. Kg1 Ke5 51. Rd2 1/2-1/2

[Event "Chania schev"]
[Site "Chania"]
[Date "1992.??.??"]
[Round "?"]
[White "Georgiakakis, Ioannis"]
[Black "Andrianov, Nikolai Ivanovich"]
[Result "1/2-1/2"]
[WhiteElo "2220"]
[BlackElo "2440"]
[PlyCount "22"]
[EventDate "1992.??.??"]
[EventType "schev"]
[EventRounds "12"]
[EventCountry "GRE"]
[SourceTitle "EXT 2003"]
[Source "ChessBase"]
[SourceDate "2002.11.25"]
[SourceVersion "1"]
[SourceVersionDate "2002.11.25"]
[SourceQuality "1"]

1. d4 d5 2. Nf3 c6 3. e3 Bf5 4. c4 e6 5. Qb3 Qb6 6. Nc3 Nd7 7. Be2 Ngf6 8. 0-0 h6 9. Nd2 Be7 10. c5 Qxb3 11. axb3 0-0 1/2-1/2

[Event "Chania schev"]
[Site "Chania"]
[Date "1992.??.??"]
[Round "?"]
[White "Georgiakakis, Ioannis"]
[Black "Palatnik, Semon"]
[Result "1/2-1/2"]
[WhiteElo "2220"]
[BlackElo "2510"]
[PlyCount "24"]
[EventDate "1992.??.??"]
[EventType "schev"]
[EventRounds "12"]
[EventCountry "GRE"]
[SourceTitle "EXT 2003"]
[Source "ChessBase"]
[SourceDate "2002.11.25"]
[SourceVersion "1"]
[SourceVersionDate "2002.11.25"]
[SourceQuality "1"]

1. d4 d6 2. Nf3 Bg4 3. c4 c6 4. e4 Nf6 5. Nc3 Nbd7 6. Be2 e5 7. Be3 Be7 8. 0-0 0-0 9. Qd2 Bh5 10. dxe5 dxe5 11. Rad1 Qc7 12. h3 Rfe8 1/2-1/2

[Event "Chania schev"]
[Site "Chania"]
[Date "1992.??.??"]
[Round "?"]
[White "Georgiakakis, Ioannis"]
[Black "Zahariev, Zahari"]
[Result "0-1"]
[WhiteElo "2220"]
[BlackElo "2365"]
[PlyCount "112"]
[EventDate "1992.??.??"]
[EventType "schev"]
[EventRounds "12"]
[EventCountry "GRE"]
[SourceTitle "EXT 2003"]
[Source "ChessBase"]
[SourceDate "2002.11.25"]
[SourceVersion "1"]
[SourceVersionDate "2002.11.25"]
[SourceQuality "1"]

1. d4 d6 2. Nf3 Bg4 3. e4 e6 4. c4 c6 5. Nc3 Nf6 6. h3 Bh5 7. g4 Bg6 8. h4 Nxe4 9. h5 Nxc3 10. bxc3 Be4 11. Bg2 Be7 12. Qe2 d5 13. h6 g6 14. 0-0 Nd7 15. Bf4 0-0 16. Bh3 Bxf3 17. Qxf3 dxc4 18. a4 Nb6 19. Be5 Nd5 20. Rfb1 b6 21. Bf1 Bf6 22. Qg3 Bxe5 23. dxe5 Qg5 24. Bxc4 Qxh6 25. g5 Qg7 26. Bxd5 cxd5 27. Kg2 Rfc8 28. a5 Rab8 29. axb6 Rxb6 30. Rxb6 axb6 31. Ra6 Qf8 32. Rxb6 Qc5 33. Rd6 Qc4 34. Qf3 Rf8 35. Rd7 Qh4 36. Qf6 h6 37. f4 hxg5 38. fxg5 Qe4+ 39. Kg1 Qb1+ 40. Kg2 Qc2+ 41. Kf1 Qxc3 42. Kf2 Qc6 43. Rd6 Qc2+ 44. Ke3 Rc8 45. Rd8+ Rxd8 46. Qxd8+ Kh7 47. Qf8 Qf5 48. Kd4 Qf2+ 49. Kd3 Qf4 50. Kc2 Qf5+ 51. Kd1 d4 52. Qe7 Kg7 53. Qf6+ Qxf6 54. gxf6+ Kh6 55. Kd2 Kg5 56. Kd3 Kf5 0-1

[Event "Komotini op"]
[Site "Komotini"]
[Date "1992.??.??"]
[Round "?"]
[White "Nei, Iivo"]
[Black "Georgiakakis, Ioannis"]
[Result "1-0"]
[WhiteElo "2410"]
[BlackElo "2215"]
[PlyCount "67"]
[EventDate "1992.08.??"]
[EventType "swiss"]
[EventRounds "9"]
[EventCountry "GRE"]
[SourceTitle "EXT 2000"]
[Source "ChessBase"]
[SourceDate "1999.11.16"]
[SourceVersion "1"]
[SourceVersionDate "1999.11.16"]
[SourceQuality "1"]

1. d4 f5 2. Bg5 d5 3. e3 c6 4. Bd3 Qb6 5. b3 e6 6. g4 g6 7. Nf3 Bg7 8. h4 Nf6 9. Bxf6 Bxf6 10. g5 Bg7 11. h5 Nd7 12. Nbd2 Qd8 13. hxg6 hxg6 14. Rxh8+ Bxh8 15. Ke2 Bg7 16. Qh1 Kf7 17. Qh2 e5 18. Nxe5+ Nxe5 19. dxe5 Qxg5 20. f4 Qh6 21. Qg2 g5 22. fxg5 Qh5+ 23. Nf3 Be6 24. Rh1 Qg4 25. Qf2 Rh8 26. Rxh8 Bxh8 27. Qh2 Bg7 28. Kf2 c5 29. Be2 Qe4 30. Qh5+ Kf8 31. Qg6 Bd7 32. Bd3 Qg4 33. e6 Be8 34. e7+ 1-0

[Event "Chania schev"]
[Site "Chania"]
[Date "1992.??.??"]
[Round "?"]
[White "Zahariev, Zahari"]
[Black "Georgiakakis, Ioannis"]
[Result "1/2-1/2"]
[WhiteElo "2365"]
[BlackElo "2220"]
[PlyCount "29"]
[EventDate "1992.??.??"]
[EventType "schev"]
[EventRounds "12"]
[EventCountry "GRE"]
[SourceTitle "EXT 2003"]
[Source "ChessBase"]
[SourceDate "2002.11.25"]
[SourceVersion "1"]
[SourceVersionDate "2002.11.25"]
[SourceQuality "1"]

1. e4 c6 2. d4 d5 3. exd5 cxd5 4. Nf3 Nc6 5. Be2 Nf6 6. 0-0 e6 7. c3 Bd6 8. Bg5 h6 9. Bxf6 Qxf6 10. Nbd2 0-0 11. Re1 a6 12. Bf1 b5 13. a3 Bb7 14. g3 Rac8 15. Bg2 1/2-1/2

[Event "GRE-ch"]
[Site "Serres"]
[Date "1990.??.??"]
[Round "8"]
[White "Georgiakakis, Ioannis"]
[Black "Grivas, Efstratios"]
[Result "0-1"]
[WhiteElo "2200"]
[BlackElo "2445"]
[PlyCount "90"]
[EventDate "1990.??.??"]
[EventType "tourn"]
[EventRounds "15"]
[EventCountry "GRE"]
[EventCategory "3"]
[SourceTitle "EXT 1997"]
[Source "ChessBase"]
[SourceDate "1996.11.15"]
[SourceVersion "1"]
[SourceVersionDate "1996.11.15"]
[SourceQuality "1"]

1. d4 Nf6 2. Nf3 e6 3. e3 c5 4. Bd3 b6 5. Nbd2 Bb7 6. 0-0 Be7 7. b3 0-0 8. dxc5 bxc5 9. e4 d5 10. e5 Nfd7 11. Re1 f5 12. Nf1 Nc6 13. Bb2 Nb6 14. N3d2 Rc8 15. Qe2 Nb4 16. c3 Nxd3 17. Qxd3 Rf7 18. Rad1 Bf8 19. Qe2 Rd7 20. Nf3 h6 21. Ng3 Qe8 22. Bc1 Qf7 23. a4 f4 24. Nf1 d4 25. c4 g5 26. Qd3 Qf5 27. a5 Na8 28. Qxf5 exf5 29. e6 Re7 30. b4 Nc7 31. bxc5 Bxf3 32. gxf3 Rxe6 33. Ba3 Kf7 34. Nd2 Rxe1+ 35. Rxe1 Ne6 36. Re5 Kf6 37. Rd5 Bxc5 38. Bxc5 Rxc5 39. Rd7 Rxa5 40. Nb3 Ra4 41. Kf1 Rxc4 42. Rxa7 Rc3 43. Nd2 Rc7 44. Ra5 Rc1+ 45. Ke2 Nc5 0-1

[Event "GRE-ch"]
[Site "Serres"]
[Date "1990.??.??"]
[Round "14"]
[White "Kanavarakis, D."]
[Black "Georgiakakis, Ioannis"]
[Result "0-1"]
[WhiteElo "2200"]
[BlackElo "2200"]
[PlyCount "122"]
[EventDate "1990.??.??"]
[EventType "tourn"]
[EventRounds "15"]
[EventCountry "GRE"]
[EventCategory "3"]
[SourceTitle "EXT 1997"]
[Source "ChessBase"]
[SourceDate "1996.11.15"]
[SourceVersion "1"]
[SourceVersionDate "1996.11.15"]
[SourceQuality "1"]

1. f4 d5 2. Nf3 g6 3. g3 Bg7 4. Bg2 Nf6 5. 0-0 0-0 6. d3 c5 7. c3 Nc6 8. Na3 Rb8 9. Nc2 b6 10. Ne5 Qc7 11. Nxc6 Qxc6 12. Ne3 e6 13. Nc4 Nd7 14. Nd2 Qc7 15. e4 dxe4 16. dxe4 Ba6 17. Rf2 Nf6 18. e5 Nd7 19. Ne4 Rfd8 20. Qg4 Bb7 21. Nd6 Bxg2 22. Kxg2 Bf8 23. Ne4 Qb7 24. Qf3 Be7 25. Be3 Nf8 26. Rd2 Rxd2+ 27. Bxd2 Qd5 28. Be3 Rd8 29. Nf2 Qc4 30. a3 Qb3 31. Qe2 Rd7 32. g4 g5 33. Rf1 Ng6 34. fxg5 Qd5+ 35. Kh3 Qxe5 36. Nd3 Qd5 37. Nf4 Nxf4+ 38. Bxf4 Bxg5 39. Bxg5 Qxg5 40. Qf3 Qh6+ 41. Kg2 Qd2+ 42. Rf2 Qd5 43. Qxd5 Rxd5 44. Kf3 Kg7 45. Ke4 Kg6 46. h4 f6 47. Kf4 h6 48. h5+ Kf7 49. Ke4 Ke7 50. Kf4 Rg5 51. Rd2 Re5 52. Rc2 Rd5 53. Re2 c4 54. Rh2 Kd6 55. Re2 b5 56. Rh2 a6 57. Re2 Rd3 58. Rf2 Kd5 59. Rf1 Rd2 60. Ke3 Rd3+ 61. Kf4 a5 0-1